[Event "58th ch-IND 2022"]
[Site "Kanpur IND"]
[Date "2022.03.03"]
[Round "11.1"]
[White "SP Sethuraman"]
[Black "Erigaisi Arjun"]
[Result "1/2-1/2"]
[EventDate "?"]
[WhiteElo "2619"]
[BlackElo "2633"]
[PlyCount "84"]

1. c4 c5 2. Nf3 Nc6 3. Nc3 Nf6 4. d4 cxd4 5. Nxd4 e6 6. a3 Be7 7. g3 Qb6 8. Nf3 O-O 9. Be3 Qd8 10. Bg2 d5 11. cxd5 Nxd5 12. Nxd5 exd5 13. O-O Bf6 14. Nd4 Bg4 15. Nxc6 bxc6 16. h3 Bh5 17. Rc1 Bxb2 18. Rxc6 d4 19. Bc1 Rb8 20. Rc5 Bxc1 21. Rxh5 Bg5 22. h4 Bf6 23. Qd3 g6 24. Rc5 Rc8 25. Rfc1 Rxc5 26. Rxc5 Qe7 27. Qc4 Rd8 28. Bd5 Kg7 29. a4 Rd7 30. Kg2 h5 31. a5 Qd6 32. Bf3 Qe7 33. a6 d3 34. exd3 Bd4 35. Rc6 Qe1 36. Qc2 Qe5 37. Qe2 Qxe2 38. Bxe2 Re7 39. Bf3 Re6 40. Rxe6 fxe6 41. Be4 Kf6 42. Kf3 Bb6 1/2-1/2

[Event "58th ch-IND 2022"]
[Site "Kanpur IND"]
[Date "2022.03.02"]
[Round "10.1"]
[White "Erigaisi Arjun"]
[Black "P Iniyan"]
[Result "1/2-1/2"]
[EventDate "?"]
[WhiteElo "2633"]
[BlackElo "2516"]
[PlyCount "82"]

1. d4 Nf6 2. Nf3 e6 3. Bf4 b6 4. e3 Bb7 5. Bd3 Be7 6. h3 O-O 7. Nbd2 c5 8. c3 Ba6 9. Bxa6 Nxa6 10. O-O Qc8 11. e4 cxd4 12. cxd4 d5 13. e5 Nd7 14. a3 Qb7 15. Re1 Rfc8 16. Nf1 b5 17. b3 Rc6 18. h4 Nc7 19. h5 a5 20. Ne3 Ne8 21. Ng4 a4 22. b4 Rac8 23. Bd2 Nb6 24. Qe2 Qa7 25. Red1 Nc4 26. Bf4 Nb6 27. Bd2 Nc4 28. Be1 f5 29. exf6 gxf6 30. Rd3 Kh8 31. Bd2 Qd7 32. Nh4 f5 33. Ne5 Nxe5 34. Qxe5+ Bf6 35. Qf4 Nd6 36. Nf3 Nc4 37. Re1 Rg8 38. Qh2 Nb2 39. Rde3 Nc4 40. Rd3 Nb2 41. Rde3 Nc4 1/2-1/2

[Event "58th ch-IND 2022"]
[Site "Kanpur IND"]
[Date "2022.03.01"]
[Round "8.1"]
[White "Erigaisi Arjun"]
[Black "N R Visakh"]
[Result "1/2-1/2"]
[EventDate "?"]
[WhiteElo "2633"]
[BlackElo "2522"]
[PlyCount "64"]

1. d4 Nf6 2. c4 e6 3. Nf3 d5 4. g3 dxc4 5. Bg2 c6 6. Ne5 Bb4+ 7. Bd2 Be7 8. e3 b5 9. b3 cxb3 10. axb3 Bb7 11. Ba5 Qc8 12. Qf3 O-O 13. O-O Nfd7 14. Nd3 Na6 15. b4 Rb8 16. Qe2 Nb6 17. Na3 Nc4 18. Nxc4 bxc4 19. Ne5 Nxb4 20. Bxb4 Bxb4 21. Rxa7 c5 22. Qxc4 Bxg2 23. Kxg2 cxd4 24. Rc7 Qd8 25. exd4 Be7 26. Rd7 Qe8 27. Ra1 Bf6 28. Raa7 Bxe5 29. dxe5 Ra8 30. Rab7 Rb8 31. Rbc7 Rc8 32. Rxc8 1/2-1/2

[Event "58th ch-IND 2022"]
[Site "Kanpur IND"]
[Date "2022.03.01"]
[Round "9.1"]
[White "V Pranav"]
[Black "Erigaisi Arjun"]
[Result "0-1"]
[EventDate "?"]
[WhiteElo "2486"]
[BlackElo "2633"]
[PlyCount "120"]

1. e4 c5 2. Nf3 Nc6 3. Bb5 e6 4. Bxc6 bxc6 5. O-O Ne7 6. d3 Ng6 7. Ng5 f6 8. Nh3 Be7 9. f4 O-O 10. c4 d5 11. Be3 a5 12. Qc2 Qd6 13. Na3 Bd7 14. Rae1 f5 15. e5 Qc7 16. Kh1 Rfb8 17. Ng1 Nf8 18. h3 Be8 19. Qf2 Nd7 20. Re2 Rb7 21. Rc2 d4 22. Bc1 Nb8 23. Nb1 Na6 24. a3 Nb8 25. Qf3 Nd7 26. Re2 Rab8 27. g4 h6 28. Rg2 Bg6 29. Nd2 Kf7 30. Ne2 Rg8 31. Rfg1 fxg4 32. hxg4 Ke8 33. Qh3 Rf8 34. Rf1 Bh7 35. Rf3 Kd8 36. Ng3 Rh8 37. Nde4 Rb3 38. Re2 Kc8 39. f5 Nxe5 40. Bf4 Nxf3 41. Bxc7 Kxc7 42. Nf1 Rxd3 43. Qg3+ Kb6 44. Nfd2 h5 45. gxh5 exf5 46. Nxf3 fxe4 47. Qxg7 Bd6 48. Ng5 Rg8 49. Qf6 Rd1+ 50. Kg2 d3 51. Re3 Bc7 52. b4 d2 53. bxa5+ Ka7 54. Qe7 Rg1+ 55. Kf2 Rf1+ 56. Kg2 Rxg5+ 57. Qxg5 d1=Q 58. Qxc5+ Kb8 59. Rb3+ Qxb3 60. Qxc6 Qf3# 0-1

[Event "58th ch-IND 2022"]
[Site "Kanpur IND"]
[Date "2022.02.28"]
[Round "6.1"]
[White "Erigaisi Arjun"]
[Black "Abhijeet Gupta"]
[Result "1-0"]
[EventDate "?"]
[WhiteElo "2633"]
[BlackElo "2628"]
[PlyCount "92"]

1. e4 e5 2. Nf3 Nc6 3. Bc4 Nf6 4. Ng5 d5 5. exd5 Na5 6. Bb5+ c6 7. dxc6 bxc6 8. Bd3 Nd5 9. Nf3 Bd6 10. O-O O-O 11. Re1 f5 12. Nxe5 Qf6 13. Nf3 g5 14. c4 Nf4 15. Bf1 g4 16. d4 gxf3 17. Qxf3 Ne6 18. Qc3 Nxd4 19. c5 Bc7 20. b4 Rb8 21. bxa5 Be6 22. Bc4 Bxc4 23. Qxc4+ Rf7 24. Nd2 Rd8 25. Bb2 Qh4 26. Bxd4 Rxd4 27. g3 Rxc4 28. gxh4 Rxc5 29. Nb3 Rc4 30. Rac1 Rg4+ 31. Kf1 Bxh2 32. Re8+ Kg7 33. Rxc6 f4 34. f3 Rg1+ 35. Kf2 Rb1 36. Re2 Bg1+ 37. Kg2 Be3 38. Nc5 Rf6 39. Rc7+ Kg8 40. Ne4 Rg6+ 41. Kh2 Kf8 42. Rxh7 Rgg1 43. Kh3 Rbf1 44. Rc2 Rxf3+ 45. Kh2 Rc1 46. Rb2 1-0

[Event "58th ch-IND 2022"]
[Site "Kanpur IND"]
[Date "2022.02.28"]
[Round "7.1"]
[White "Aryan Chopra"]
[Black "Erigaisi Arjun"]
[Result "1/2-1/2"]
[EventDate "?"]
[WhiteElo "2585"]
[BlackElo "2633"]
[PlyCount "108"]

1. c4 e6 2. Nc3 d5 3. d4 Nf6 4. cxd5 Nxd5 5. e4 Nxc3 6. bxc3 c5 7. Rb1 Be7 8. Nf3 O-O 9. Bc4 a6 10. a4 Qc7 11. Qe2 cxd4 12. cxd4 Bd7 13. O-O Rc8 14. Bb3 b5 15. Qd1 bxa4 16. Bxa4 Bxa4 17. Qxa4 Qc6 18. Qxc6 Nxc6 19. Bf4 g5 20. Be3 g4 21. Nd2 Nb4 22. Nb3 a5 23. Nc5 Bxc5 24. dxc5 Nc2 25. Rfc1 Nxe3 26. fxe3 a4 27. Kf2 Kg7 28. Kg3 h5 29. h3 gxh3 30. Kxh3 Ra5 31. c6 Ra6 32. Ra1 Rcxc6 33. Rxc6 Rxc6 34. Rxa4 Rc3 35. g4 Rxe3+ 36. Kh4 hxg4 37. Kxg4 Kf6 38. Kf4 Re1 39. Ra5 e5+ 40. Kf3 Rb1 41. Rc5 Rb6 42. Ra5 Ke6 43. Rc5 f6 44. Rc7 Rd6 45. Ra7 Rd3+ 46. Kf2 Rd7 47. Ra6+ Kf7 48. Rb6 Kg6 49. Ra6 Kg5 50. Rb6 Rh7 51. Ra6 Rh4 52. Kf3 Rf4+ 53. Ke3 Kg4 54. Rb6 1/2-1/2

[Event "58th ch-IND 2022"]
[Site "Kanpur IND"]
[Date "2022.02.27"]
[Round "5.1"]
[White "D Gukesh"]
[Black "Erigaisi Arjun"]
[Result "1/2-1/2"]
[EventDate "?"]
[WhiteElo "2614"]
[BlackElo "2633"]
[PlyCount "92"]

1. d4 Nf6 2. c4 e6 3. Nf3 d5 4. Nc3 c6 5. Bg5 dxc4 6. e4 b5 7. e5 h6 8. Bh4 g5 9. Nxg5 hxg5 10. Bxg5 Be7 11. exf6 Bxf6 12. Bxf6 Qxf6 13. g3 Bb7 14. Bg2 Na6 15. Ne4 Qe7 16. O-O O-O-O 17. a4 f5 18. axb5 cxb5 19. Rxa6 Bxa6 20. Nc5 Qxc5 21. dxc5 Rxd1 22. Rxd1 b4 23. Ra1 b3 24. Bf1 Rd8 25. h4 Bb5 26. h5 a5 27. Rxa5 c3 28. bxc3 Bxf1 29. Ra8+ Kc7 30. Rxd8 Kxd8 31. h6 b2 32. h7 b1=Q 33. h8=Q+ Kc7 34. Qe5+ Kb7 35. c6+ Kxc6 36. Qxe6+ Kb5 37. Qd5+ Ka4 38. Kh2 Be2 39. Qa8+ Kb3 40. Qb7+ Kc2 41. Qxb1+ Kxb1 42. Kh3 Kc2 43. Kh4 Kd3 44. Kg5 Ke4 45. c4 Bxc4 46. f3+ Ke5 1/2-1/2

[Event "58th ch-IND 2022"]
[Site "Kanpur IND"]
[Date "2022.02.26"]
[Round "3.2"]
[White "Sayantan Das"]
[Black "Erigaisi Arjun"]
[Result "0-1"]
[EventDate "?"]
[WhiteElo "2459"]
[BlackElo "2633"]
[PlyCount "122"]

1. e4 e5 2. Nf3 Nc6 3. Bb5 a6 4. Ba4 f5 5. d4 exd4 6. e5 b5 7. Bb3 Bb7 8. O-O Na5 9. Nxd4 c5 10. Bxg8 cxd4 11. Bb3 Qb6 12. c3 Bc5 13. cxd4 Bxd4 14. Nd2 Nxb3 15. Qxb3 Qe6 16. Re1 Rc8 17. Qxe6+ dxe6 18. Nb3 Bb6 19. Be3 Bxe3 20. Rxe3 Ke7 21. Nd4 Rhd8 22. Rd3 Rd5 23. f4 Rdc5 24. Rad1 Be4 25. R3d2 g5 26. Ne2 Rd5 27. fxg5 Rc2 28. Nd4 Rxd2 29. Rxd2 Rxe5 30. Kf2 Rc5 31. Ne2 e5 32. g3 b4 33. Ke3 Bd5 34. Nc1 Kd6 35. Ne2 a5 36. b3 Ke6 37. Rb2 Bc6 38. Rb1 Bb5 39. Rd1 Rc2 40. Rd2 Rc8 41. Kf2 Ra8 42. Rc2 a4 43. bxa4 Rxa4 44. Nc1 Ra3 45. Rb2 Bc4 46. Nb3 e4 47. Ke3 Ke5 48. h4 Bf7 49. Ke2 f4 50. gxf4+ Kxf4 51. Ke1 Bh5 52. Nc5 Rc3 53. Ne6+ Ke3 54. Kf1 Bg4 55. Ng7 Rc1+ 56. Kg2 Kf4 57. Rxb4 Rc2+ 58. Kf1 Kf3 59. Kg1 e3 60. Rb3 Rc1+ 61. Kh2 Kf2 0-1

[Event "58th ch-IND 2022"]
[Site "Kanpur IND"]
[Date "2022.02.26"]
[Round "4.1"]
[White "Erigaisi Arjun"]
[Black "Teja S Ravi"]
[Result "1-0"]
[EventDate "?"]
[WhiteElo "2633"]
[BlackElo "2469"]
[PlyCount "86"]

1. e4 c6 2. d4 d5 3. e5 Bf5 4. h4 Qb6 5. Ne2 Bg4 6. h5 h6 7. Rh4 Bd7 8. c4 e6 9. Nbc3 dxc4 10. Ng3 Qd8 11. Rf4 b5 12. Nge4 f5 13. exf6 Nxf6 14. Qf3 Na6 15. Rxf6 gxf6 16. Nxf6+ Ke7 17. Bf4 Be8 18. Be5 Bg7 19. Nfd5+ cxd5 20. Bxg7 Qa5 21. Bxh8 b4 22. Bf6+ Kd7 23. Nd1 b3+ 24. Qc3 Nb4 25. Ne3 Bxh5 26. a3 Rb8 27. Rc1 Nc2+ 28. Kd2 Qxc3+ 29. Kxc3 Rf8 30. Be5 Nxa3 31. bxa3 Rxf2 32. Nxc4 dxc4 33. Bxc4 b2 34. Rb1 Rxg2 35. Rxb2 Rxb2 36. Kxb2 Bf3 37. Kc3 h5 38. Bg3 Ke7 39. Kd2 Kd7 40. Bb5+ Kc8 41. Ke3 Bg4 42. Bc6 Bf5 43. Bf3 1-0

[Event "58th ch-IND 2022"]
[Site "Kanpur IND"]
[Date "2022.02.25"]
[Round "1.2"]
[White "Srimanarayana,"]
[Black "Erigaisi Arjun"]
[Result "0-1"]
[EventDate "?"]
[WhiteElo "2029"]
[BlackElo "2633"]
[PlyCount "104"]

1. e4 c5 2. Nf3 e6 3. d4 cxd4 4. Nxd4 Nc6 5. c4 Nf6 6. Nc3 Bb4 7. Nxc6 bxc6 8. Bd3 e5 9. O-O O-O 10. Be3 d6 11. h3 Be6 12. Rc1 Nd7 13. a3 Bc5 14. Qe2 a5 15. Na4 Rb8 16. Nxc5 Nxc5 17. Bxc5 dxc5 18. Rc3 Qg5 19. Bb1 Rfd8 20. Re3 Rd4 21. b3 Qd8 22. a4 Rd2 23. Qf3 g6 24. Kh2 Qh4 25. Rd3 Rb2 26. Kg1 Kg7 27. Rc1 Qg5 28. Rcd1 Qf4 29. Qxf4 exf4 30. e5 Bf5 31. Rd6 Rxb1 32. Rxb1 Bxb1 33. Rxc6 Rxb3 34. Rxc5 Bd3 35. Rc7 Bf5 36. Rc5 Rb4 37. Rxa5 Rxc4 38. Kf1 Bc2 39. Ke2 Rxa4 40. Rc5 Be4 41. f3 Bf5 42. Kf2 g5 43. Rb5 Be6 44. Kg1 Kg6 45. Kh2 Kf5 46. Kg1 h5 47. Rb8 g4 48. hxg4+ hxg4 49. Rb1 gxf3 50. gxf3 Ra3 51. Rf1 Bd5 52. Kg2 Rxf3 0-1

[Event "58th ch-IND 2022"]
[Site "Kanpur IND"]
[Date "2022.02.25"]
[Round "2.2"]
[White "Erigaisi Arjun"]
[Black "Sharma Ayush"]
[Result "1-0"]
[EventDate "?"]
[WhiteElo "2633"]
[BlackElo "2302"]
[PlyCount "82"]

1. d4 Nf6 2. Bg5 c5 3. d5 Ne4 4. Bf4 Qb6 5. Bc1 g6 6. f3 Nd6 7. e4 Bg7 8. Nd2 O-O 9. Bd3 f5 10. c4 e5 11. Ne2 f4 12. Nc3 Qd8 13. Qe2 Nf7 14. b3 d6 15. Bb2 Qh4+ 16. Kd1 g5 17. Kc2 g4 18. Rag1 Na6 19. a3 Ng5 20. Nb5 Rf6 21. g3 Qh5 22. gxf4 Rxf4 23. Nxd6 gxf3 24. Qe3 Bh3 25. Nf5 Bf6 26. Rg3 Bg2 27. Rg1 Qxh2 28. Qf2 Kf8 29. Rxg5 Bxg5 30. Bxe5 Re8 31. Bd6+ Kf7 32. Nxf3 Rxf3 33. Qxf3 Qxg1 34. Qh5+ Kf6 35. e5+ Rxe5 36. Bxe5+ Kxe5 37. Qxg5 Qf2+ 38. Kc3 Qe1+ 39. Kb2 Qf2+ 40. Bc2 Bf3 41. Nh4+ 1-0

[Event "Tata Steel Challengers"]
[Site "Wijk aan Zee NED"]
[Date "2022.01.30"]
[Round "13.1"]
[White "Marc'Andria Maurizzi"]
[Black "Arjun Erigaisi"]
[Result "0-1"]
[EventDate "2022.01.15"]
[WhiteElo "2502"]
[BlackElo "2632"]
[PlyCount "124"]

1. d4 Nf6 2. c4 e6 3. Nc3 Bb4 4. Nf3 O-O 5. Bg5 c5 6. Rc1 h6 7. Bh4 cxd4 8. Nxd4 d5 9. cxd5 Bxc3+ 10. Rxc3 g5 11. Bg3 Qxd5 12. f3 e5 13. Nb3 Qxd1+ 14. Kxd1 e4 15. Nd2 Re8 16. Nxe4 Nxe4 17. fxe4 Nc6 18. e3 Rxe4 19. Bd3 Re8 20. Bb5 Rd8+ 21. Kc1 Nb4 22. Bc4 Bf5 23. Rf1 Be6 24. Bxe6 fxe6 25. Kb1 Rf8 26. Rfc1 Nc6 27. Rb3 Rf7 28. Rd1 Rd8 29. Rxd8+ Nxd8 30. a3 Kf8 31. Kc2 Nc6 32. Kd2 Kg7 33. Ke2 Kg6 34. Rd3 h5 35. Rd6 h4 36. Be1 Kf6 37. h3 Ke7 38. Rd1 e5 39. b4 Ke6 40. b5 Ne7 41. Rd8 Nd5 42. Ra8 b6 43. Bd2 Nf6 44. a4 Ne4 45. Be1 Kd5 46. Rc8 Ke6 47. Rc6+ Kd5 48. Rc8 Ng3+ 49. Kd3 e4+ 50. Kc3 Nf1 51. Rg8 Rc7+ 52. Kb3 Nxe3 53. Rxg5+ Kd4 54. a5 bxa5 55. g3 hxg3 56. Rxg3 Nd5 57. Bxa5 Rc5 58. Ka4 e3 59. Rg7 Nb6+ 60. Kb4 Nd5+ 61. Ka4 e2 62. Rxa7 Rc3 0-1

[Event "2nd elllobregat Open 2021"]
[Site "Castelldefels ESP"]
[Date "2021.12.02"]
[Round "3.3"]
[White "Asis Gargatagli, Hipolito"]
[Black "Erigaisi Arjun"]
[Result "1/2-1/2"]
[EventDate "?"]
[WhiteElo "2502"]
[BlackElo "2627"]
[PlyCount "136"]

1. e4 c6 2. d4 d5 3. Nd2 dxe4 4. Nxe4 Nf6 5. Nxf6+ exf6 6. c3 Bd6 7. Bd3 O-O 8. Ne2 Re8 9. O-O Nd7 10. Ng3 Nf8 11. f4 Qb6 12. Kh1 Qc7 13. Qf3 h6 14. Bd2 c5 15. dxc5 Qxc5 16. b4 Qc7 17. c4 Ng6 18. c5 Bf8 19. Bc3 a5 20. Nh5 f5 21. a3 axb4 22. axb4 Rxa1 23. Bxa1 Be6 24. Bb5 Ra8 25. Bd4 f6 26. Re1 Qf7 27. Qe2 Rd8 28. Bc3 Bd5 29. Be8 Rxe8 30. Qxe8 Qxe8 31. Rxe8 Kf7 32. Rd8 Bc6 33. Be1 Be7 34. Rb8 Nf8 35. b5 Bd5 36. Bb4 Ne6 37. Ng3 Kg6 38. Ne2 Bxc5 39. Nc3 Bxg2+ 40. Kxg2 Nxf4+ 41. Kf1 Bxb4 42. Ne2 Nxe2 43. Kxe2 Bd6 44. Rxb7 Bxh2 45. b6 h5 46. Rd7 Kh6 47. Rf7 Be5 48. b7 Bf4 49. Kf3 Bh2 50. Rf8 Kh7 51. Kg2 Bf4 52. Kh3 Be5 53. Kh4 g6 54. Rf7+ Kh6 55. Kh3 Kg5 56. Rf8 f4 57. Re8 Bc7 58. Rc8 Bd6 59. Rc6 Bb8 60. Rc5+ Kh6 61. Rc8 Be5 62. b8=Q Bxb8 63. Rxb8 g5 64. Rh8+ Kg6 65. Rg8+ Kf7 66. Rh8 Kg6 67. Rg8+ Kf7 68. Rh8 1/2-1/2

[Event "Tata Steel India Blitz"]
[Site "Kolkata IND"]
[Date "2021.11.21"]
[Round "15.5"]
[White "Erigaisi Arjun"]
[Black "D Gukesh"]
[Result "0-1"]
[EventDate "?"]
[WhiteElo "2627"]
[BlackElo "2621"]
[PlyCount "76"]

1. d4 Nf6 2. Bg5 Ne4 3. Bf4 d5 4. f3 Nf6 5. Nc3 Bf5 6. g4 Bg6 7. h4 h6 8. h5 Bh7 9. Bg2 c5 10. e3 Nc6 11. Nge2 e6 12. O-O a6 13. Qd2 Bd6 14. Rad1 O-O 15. a3 b5 16. Nb1 Qe7 17. Bxd6 Qxd6 18. Rf2 Rfd8 19. dxc5 Qxc5 20. Nd4 Rac8 21. Qe1 e5 22. Nxc6 Qxc6 23. Nc3 d4 24. Rfd2 Re8 25. Na2 Nd5 26. exd4 exd4 27. Qf2 Ne3 28. Nb4 Nxd1 29. Rxd1 Qc5 30. Rxd4 a5 31. Nd5 Re2 32. b4 axb4 33. axb4 Qxc2 34. Qg3 Qb2 35. Rd1 Bc2 36. Nb6 Bxd1 37. Nxc8 Qxb4 38. Kh2 Qe1 0-1

[Event "Tata Steel India Blitz"]
[Site "Kolkata IND"]
[Date "2021.11.20"]
[Round "6"]
[White "D Gukesh"]
[Black "Arjun Erigaisi"]
[Result "0-1"]
[EventDate "2021.11.20"]
[WhiteElo "2621"]
[BlackElo "2627"]
[PlyCount "96"]

1. d4 d5 2. c4 e6 3. Nc3 c6 4. Nf3 dxc4 5. a4 Bb4 6. e3 b5 7. Bd2 Bb7 8. axb5 Bxc3 9. Bxc3 cxb5 10. b3 a5 11. bxc4 b4 12. Bb2 Nf6 13. Bd3 O-O 14. O-O Nbd7 15. Bc2 Qc7 16. Nd2 e5 17. h3 Rfe8 18. d5 Nc5 19. f4 e4 20. Bxf6 gxf6 21. Qg4+ Kh8 22. Qf5 Ra6 23. Qh5 Bc8 24. Rfb1 f5 25. Qd1 Rg8 26. Nf1 Bd7 27. Qd4+ f6 28. Kh2 Qb6 29. Ng3 Rg6 30. Nf1 a4 31. Qd2 b3 32. Bd1 Qa5 33. Qd4 Qb6 34. Bh5 Rg8 35. Be2 Qd6 36. Nd2 Be8 37. Qb2 Rb6 38. Qa3 Rb7 39. Rg1 Rbg7 40. g3 Qb6 41. Nb1 Nd3 42. Bxd3 Qxe3 43. Qb2 exd3 44. Qd2 Rxg3 45. Qxe3 Rxe3 46. Rxg8+ Kxg8 47. c5 Re2+ 48. Kg3 Ra2 0-1

[Event "Tata Steel India Blitz"]
[Site "Kolkata IND"]
[Date "2021.11.20"]
[Round "1"]
[White "Sarin Nihal"]
[Black "Arjun Erigaisi"]
[Result "1/2-1/2"]
[EventDate "2021.11.20"]
[WhiteElo "2650"]
[BlackElo "2627"]
[PlyCount "76"]

1. Nf3 Nf6 2. c4 e6 3. Nc3 d5 4. e3 c6 5. d4 Nbd7 6. Be2 Bd6 7. O-O O-O 8. b3 b6 9. Bb2 Bb7 10. Qc2 Qe7 11. Rad1 Rad8 12. Rfe1 Rfe8 13. Bf1 h6 14. g3 c5 15. cxd5 Nxd5 16. Nxd5 exd5 17. dxc5 bxc5 18. Bg2 Qe6 19. Nh4 Be5 20. Bxe5 Qxe5 21. Rd2 Rc8 22. Bh3 d4 23. Qf5 Rcd8 24. Qxe5 Nxe5 25. exd4 g5 26. f4 gxh4 27. fxe5 hxg3 28. hxg3 Rxd4 29. Rxd4 cxd4 30. Kf2 Bc8 31. Bxc8 Rxc8 32. Rd1 Rc2+ 33. Kf3 Rxa2 34. Rxd4 Rb2 35. b4 Kg7 36. Rg4+ Kf8 37. Rd4 Kg7 38. Rg4+ 1/2-1/2

[Event "Tata Steel India Blitz"]
[Site "Kolkata IND"]
[Date "2021.11.20"]
[Round "2"]
[White "Arjun Erigaisi"]
[Black "S Shankland"]
[Result "1-0"]
[EventDate "2021.11.20"]
[WhiteElo "2627"]
[BlackElo "2708"]
[PlyCount "106"]

1. e4 e5 2. Nf3 Nc6 3. Bb5 Nf6 4. d3 Bc5 5. c3 d5 6. exd5 Qxd5 7. Bc4 Qd8 8. O-O h6 9. Nbd2 O-O 10. b4 Bd6 11. a4 Re8 12. Qb3 Be6 13. a5 a6 14. Ne4 Nxe4 15. dxe4 Qe7 16. Be3 Rad8 17. h3 Bxc4 18. Qxc4 Qe6 19. Qxe6 Rxe6 20. Rfd1 Kf8 21. Kf1 Ke8 22. Ke2 Be7 23. Rd5 f6 24. Nh4 Bf8 25. Rad1 Red6 26. Bc5 Rxd5 27. exd5 Ne7 28. c4 g5 29. Nf3 Nf5 30. g4 Nd6 31. Nd2 Nf7 32. Ne4 Be7 33. Ng3 Bd6 34. Rb1 Kd7 35. Ne4 Be7 36. Be3 c6 37. Nc3 Rc8 38. Na4 Ke8 39. Nb6 Rc7 40. Na8 Rc8 41. Nb6 Rc7 42. Bc5 Bxc5 43. bxc5 cxd5 44. Nxd5 Rxc5 45. Nxf6+ Ke7 46. Ne4 Rxa5 47. Rxb7+ Ke8 48. c5 Ra3 49. c6 Ra4 50. Nf6+ Kf8 51. c7 Rc4 52. Nd7+ Kg7 53. Nb6 1-0

[Event "Tata Steel India Blitz"]
[Site "Kolkata IND"]
[Date "2021.11.20"]
[Round "3"]
[White "Parham Maghsoodloo"]
[Black "Arjun Erigaisi"]
[Result "1/2-1/2"]
[EventDate "2021.11.20"]
[WhiteElo "2706"]
[BlackElo "2627"]
[PlyCount "136"]

1. Nf3 d5 2. g3 Bg4 3. Bg2 Nd7 4. O-O e5 5. d3 Ngf6 6. h3 Bh5 7. Qe1 Bd6 8. e4 O-O 9. Nbd2 c6 10. Nh4 Bg6 11. Nb3 Re8 12. a4 Nc5 13. Nxc5 Bxc5 14. b4 Bf8 15. Kh1 dxe4 16. dxe4 Bxe4 17. Bxe4 Qd4 18. Bxh7+ Kxh7 19. c3 Qc4 20. Nf5 Ne4 21. Bb2 Rad8 22. Ne3 Qb3 23. Qb1 g6 24. Qxe4 Qxb2 25. b5 Qxc3 26. bxc6 Qxc6 27. Qxc6 bxc6 28. Rfc1 Rd2 29. Kg2 Rc8 30. Rab1 Rd7 31. Ng4 Bg7 32. Rc5 Re7 33. Rbc1 f5 34. Ne3 Bh6 35. Rxc6 Rxc6 36. Rxc6 Bxe3 37. fxe3 Rd7 38. Kf3 Kh6 39. g4 Kg5 40. h4+ Kxh4 41. Rxg6 fxg4+ 42. Rxg4+ Kh5 43. Rc4 Rd5 44. Ke4 Ra5 45. Kf5 Kh6 46. Kf6 Kh5 47. Re4 Ra6+ 48. Kxe5 Kg6 49. Kd5 Kf7 50. Kc5 Ra5+ 51. Kc6 Kf6 52. Rb4 Ke6 53. Rd4 Ra6+ 54. Kb5 Rb6+ 55. Ka5 Rb3 56. Ka6 Rxe3 57. Kxa7 Rb3 58. a5 Ke7 59. a6 Ke6 60. Ka8 Ke7 61. a7 Rb1 62. Rd2 Rb3 63. Rh2 Kd7 64. Rh8 Kc7 65. Rb8 Rc3 66. Rb7+ Kc8 67. Rh7 Rc1 68. Rh4 Rc2 1/2-1/2

[Event "Tata Steel India Blitz"]
[Site "Kolkata IND"]
[Date "2021.11.20"]
[Round "4"]
[White "Raunak Sadhwani"]
[Black "Arjun Erigaisi"]
[Result "1/2-1/2"]
[EventDate "2021.11.20"]
[WhiteElo "2609"]
[BlackElo "2627"]
[PlyCount "138"]

1. c4 e6 2. g3 d5 3. Bg2 dxc4 4. Qa4+ Nd7 5. Qxc4 c5 6. d3 Bd6 7. a4 Ne7 8. Nf3 b6 9. Nd4 Ne5 10. Qc2 Nd5 11. Nb5 Bb7 12. Nxd6+ Qxd6 13. Qd2 Qd7 14. O-O h5 15. d4 cxd4 16. Qxd4 f6 17. e4 Ne7 18. Qxd7+ Kxd7 19. h4 N7c6 20. Nc3 Ke7 21. b3 Rhd8 22. Ba3+ Kf7 23. Nb5 Ba6 24. Rfc1 Bxb5 25. axb5 Nd4 26. Bf1 Nxb3 27. Rc7+ Rd7 28. Rxd7+ Nxd7 29. Rd1 Nbc5 30. Be2 g6 31. Rd6 Ke7 32. Rc6 Kd8 33. f4 Nxe4 34. Rxe6 Nec5 35. Rc6 Rc8 36. f5 gxf5 37. Rxc8+ Kxc8 38. Bxh5 Ne5 39. Bd1 Ne4 40. Kg2 Kd7 41. Bb2 Nc4 42. Bd4 Ke7 43. Be2 Ne5 44. Bd1 Kf7 45. Bc2 Ng4 46. Kf3 Nd6 47. Bb2 Ne5+ 48. Kf4 Ng6+ 49. Kf3 Nxb5 50. Bxf5 Nd6 51. Bc2 Ne5+ 52. Ke2 b5 53. Bc3 Ndc4 54. h5 a5 55. h6 b4 56. Bd4 Nd6 57. Bb6 Nec4 58. Bc5 f5 59. Kf3 Kg6 60. g4 Kxh6 61. gxf5 Kg5 62. Ke2 Nxf5 63. Kd3 Ne5+ 64. Ke4 Nd7 65. Bf2 Ne7 66. Be1 Kf6 67. Kd3 Ke5 68. Kc4 Nd5 69. Kb5 1/2-1/2

[Event "Tata Steel India Blitz"]
[Site "Kolkata IND"]
[Date "2021.11.20"]
[Round "5"]
[White "Arjun Erigaisi"]
[Black "L Aronian"]
[Result "1/2-1/2"]
[EventDate "2021.11.20"]
[WhiteElo "2627"]
[BlackElo "2782"]
[PlyCount "94"]

1. Nf3 d5 2. e3 Nf6 3. c4 e6 4. b3 b6 5. Bb2 Bb7 6. d4 Nbd7 7. Nbd2 Bd6 8. Bd3 O-O 9. Rc1 Ne4 10. O-O f5 11. cxd5 exd5 12. Ne5 c5 13. f4 Ndf6 14. Ndf3 a5 15. a4 Qe8 16. Qe1 Ba6 17. Bxa6 Rxa6 18. Qe2 Ra7 19. Rfd1 c4 20. bxc4 Qxa4 21. c5 bxc5 22. dxc5 Bxc5 23. Nd4 Rb7 24. Nxf5 Qb5 25. Qxb5 Rxb5 26. Bd4 Ra8 27. Bxc5 Rxc5 28. Rxc5 Nxc5 29. Ne7+ Kf8 30. Nxd5 a4 31. Nxf6 gxf6 32. Nd7+ Nxd7 33. Rxd7 a3 34. Rd1 a2 35. Ra1 f5 36. Kf2 Ke7 37. Kf3 h5 38. g3 Ke6 39. h3 Kd5 40. g4 fxg4+ 41. hxg4 hxg4+ 42. Kxg4 Ke4 43. Kg5 Rg8+ 44. Kf6 Rg2 45. f5 Rf2 46. Ke6 Rxf5 47. Rxa2 1/2-1/2

[Event "Tata Steel India Blitz"]
[Site "Kolkata IND"]
[Date "2021.11.20"]
[Round "7"]
[White "Arjun Erigaisi"]
[Black "S Vidit"]
[Result "1-0"]
[EventDate "2021.11.20"]
[WhiteElo "2627"]
[BlackElo "2727"]
[PlyCount "104"]

1. d4 Nf6 2. c4 e6 3. Nf3 d5 4. Nc3 a6 5. cxd5 exd5 6. Bg5 Be6 7. e3 Nbd7 8. Bd3 Bd6 9. Bf4 Bxf4 10. exf4 Bg4 11. Qe2+ Kf8 12. O-O c6 13. Rfe1 g6 14. h3 Bxf3 15. Qxf3 Qb6 16. Ne2 Kg7 17. f5 Rae8 18. b3 Re7 19. fxg6 hxg6 20. Nf4 Rhe8 21. Rxe7 Rxe7 22. Rd1 Qxd4 23. Bxg6 Ne5 24. Rxd4 Nxf3+ 25. gxf3 fxg6 26. Kf1 g5 27. Nd3 a5 28. a3 b6 29. b4 axb4 30. axb4 Ra7 31. h4 gxh4 32. Rxh4 Ra1+ 33. Ke2 Ra2+ 34. Ke3 Ra3 35. Kd2 Nd7 36. Rd4 Nf6 37. Rh4 Ra2+ 38. Ke3 Ra3 39. Kd2 Ra4 40. Rh1 Ra2+ 41. Ke3 Rc2 42. Kd4 c5+ 43. bxc5 bxc5+ 44. Ke5 c4 45. Nf4 Rd2 46. Ke6 Ng8 47. Rg1+ Kh7 48. Kf7 Nh6+ 49. Kf8 Nf5 50. Rh1+ Nh6 51. Rg1 Nf5 52. Rg5 d4 1-0

[Event "Tata Steel India Blitz"]
[Site "Kolkata IND"]
[Date "2021.11.20"]
[Round "8"]
[White "D Harika"]
[Black "Arjun Erigaisi"]
[Result "0-1"]
[EventDate "2021.11.20"]
[WhiteElo "2511"]
[BlackElo "2627"]
[PlyCount "110"]

1. e4 c5 2. c3 d5 3. exd5 Qxd5 4. d4 Nc6 5. Nf3 Bf5 6. Na3 cxd4 7. Nb5 O-O-O 8. cxd4 e5 9. Nc3 Bb4 10. Bd2 Bxc3 11. bxc3 exd4 12. cxd4 Nf6 13. Be2 Rhe8 14. O-O Ne4 15. Rc1 Nxd2 16. Qxd2 Kb8 17. Bc4 Qd6 18. d5 Ne5 19. Nxe5 Rxe5 20. Rfe1 Rxe1+ 21. Rxe1 a6 22. Bb3 f6 23. h3 Bd7 24. Qc3 Re8 25. Rxe8+ Bxe8 26. Qe3 Qe5 27. Qd2 g5 28. d6 Bd7 29. Bd1 f5 30. Be2 g4 31. hxg4 fxg4 32. Bf1 h5 33. Qh6 Ka7 34. a3 Kb6 35. g3 Kc5 36. Bg2 b5 37. Kh2 a5 38. Qh7 Kxd6 39. Qd3+ Kc7 40. Qd2 a4 41. Qa5+ Kd6 42. Qb6+ Ke7 43. Qh6 Qf5 44. Kg1 Qb1+ 45. Kh2 Qf5 46. Kg1 Be6 47. Qg7+ Kd6 48. Qd4+ Ke7 49. Qg7+ Bf7 50. Qc3 Qg5 51. Qc7+ Kf8 52. Qd6+ Kg7 53. Bc6 b4 54. Qd4+ Qf6 55. Qc5 bxa3 0-1

[Event "Tata Steel India Blitz"]
[Site "Kolkata IND"]
[Date "2021.11.20"]
[Round "9"]
[White "Arjun Erigaisi"]
[Black "Quang Liem Le"]
[Result "1/2-1/2"]
[EventDate "2021.11.20"]
[WhiteElo "2627"]
[BlackElo "2709"]
[PlyCount "122"]

1. c4 e6 2. Nf3 d5 3. d4 Nf6 4. g3 Bb4+ 5. Bd2 Be7 6. Bg2 O-O 7. O-O Nbd7 8. Bc3 b6 9. Nbd2 Bb7 10. Rc1 Rc8 11. Qa4 a6 12. Rfd1 dxc4 13. Qxc4 c5 14. Qd3 b5 15. dxc5 Nxc5 16. Qxd8 Rfxd8 17. Ba5 Re8 18. Nd4 Bxg2 19. Kxg2 Nb7 20. N2b3 Nd5 21. e4 Nxa5 22. Nxa5 Nb6 23. Rc6 Rxc6 24. Ndxc6 Bf8 25. b3 e5 26. Nd8 Be7 27. Nac6 Kf8 28. Nxe7 Kxe7 29. Nc6+ Ke6 30. Nd8+ Ke7 31. Nc6+ Ke6 32. Nb4 Ra8 33. Rc1 Kd7 34. Rc6 Rb8 35. Rc5 Kd6 36. Rc6+ Kd7 37. Rc2 Ra8 38. Nd3 f6 39. f4 Kd6 40. Nb4 Kd7 41. Kf3 a5 42. Nd5 Nxd5 43. exd5 exf4 44. Kxf4 Re8 45. Rc5 Re2 46. Rxb5 Rxa2 47. h4 Kd6 48. Rb7 Rb2 49. Rxg7 Rxb3 50. Rxh7 Kxd5 51. Re7 Kd6 52. Re2 a4 53. h5 Rb4+ 54. Kf3 Rb3+ 55. Kg4 Rb4+ 56. Kh3 a3 57. h6 Ra4 58. h7 Ra8 59. Kg4 Rh8 60. Ra2 Rxh7 61. Rxa3 Ke5 1/2-1/2